| 000 | 00523nam a2200145Ia 4500 | ||
|---|---|---|---|
| 008 | 170221s9999 xx 000 0 und d | ||
| 100 | _aR. Nagaraja | ||
| 245 | _aConsumer Buying Decision Process in Indian Organized Retail Industry - Characterization of Male and Female Respondents | ||
| 245 | _cR. Nagaraja, S. Girish | ||
| 260 | _bInternational Review of Management and Marketing | ||
| 260 | _cMay 2015 | ||
| 300 | _a4:2 | ||
| 650 | _xMarketing. | ||
| 856 | _uhttp://www.econjournals.com/index.php/irmm/issue/view/77 | ||
| 999 |
_c310057 _d310057 |
||